1966 1311 1037 1771 1920 1794 1854 1756 1251 1183 1674 1682 1721 1584 1225 1992 1517 1953 1951 1105 1548 1922 1435 1846 1969 1757 1243 1697 1866 1096 1963 1282 1390 1034 1959 1211 1040 1908 1810 1160 1782 1421 1356 1989 1399 1313 1171 1842 1831 1903 1015 1296 1247 1531 1958 1835 1608 1764 1374 1186 1837 1134 1095 1570 1853 1715 1587 1924 1214 1891 1145 1911 1982 1717 1427 1128 1403 1272 1239 1423 1316 1960 1149 1737 1337 1535 1352 1235 1120 1689 1856 1812 1080 1756 1928 1411 1317 1146 1253 BCNSPRNW ULIB Ver.6.0+V

เปลี่ยนเป็นภาษาไทย

Change to English
 แสดงรายละเอียดบรรณานุกรม
  กลับหน้าหลัก

Brief Record : Get Marc (ISO 2709) : E-mail record : QR code < ปิดหน้าต่าง
LEADER : 00000nam 2200000uu 4500
001    13399121476
003     ULIB
008    121121s2552||||th 000 0 tha d
020    ^a9786115120284
050 04 ^aTT890^bอ846พ
100 0  ^aอุมาวดี ทรัพย์สิน
245 10 ^aพานดอกไม้บูชาพระประจำวัน /^cอุมาวดี ทรัพย์สิน
250    ^aพิมพ์ครั้งที่ 1
260    ^aกรุงเทพฯ :^bวาดศิลป์,^c2552
300    ^a64 หน้า :^bภาพประกอบ ;^c26 ซม
440  0 ^aโครงการหนังสืออนุรักษ์และส่งเสริมศิลปวัฒนธรรมไทย
650  7 ^aการจัดดอกไม้
650  7 ^aการประดิษฐ์ด้วยใบตอง
945    ^p160^l0^i16859
995    ^aวิภา
999 ^a ทศพร
รายการนี้ยังไม่มีแท็ก
คุณยังไม่ได้ล็อกอิน คุณสามารถมีกิจกรรมร่วมกับเว็บไซต์ได้ แต่ต้องล็อกอินก่อน ::
  ล็อกอิน

รายการสื่อสารสนเทศ

ลำดับที่ ประเภท เลขเรียก/บาร์โค้ด สถานที่ สถานะ
1. วิทยาศาสตร์การแพทย์ และสุขภาพ
วิทยาศาสตร์การแพทย์ และสุขภาพ
TT890 อ846พ  
  Barcode: 16859
ห้องสมุดวิทยาเขตสวรรค์ประชารักษ์
►หนังสือทั่วไป
บนชั้น

รายการใกล้เคียง
    ผู้แต่ง [อุมาวดี ทรัพย์สิน]

    หัวเรื่อง [การจัดดอกไม้]
    หัวเรื่อง [การประดิษฐ์ด้วยใบตอง]

BibComment


ยังไม่เคยถูกคอมเมนท์

คอมเมนท์ทรัพยากรรายการนี้
  คอมเมนท์: พานดอกไม้บูชาพระ..


 Copyright 2026. Bcnsprnw @Library